Statistiken für Fußballer nach Bildern #2

Klicken Sie hier um das Quiz zu spielen!

Allgemein

  • Dieses Quiz wurde 905 mal gespielt
  • Das Durchschnittsergebnis liegt bei 12 aus 16

Antwortstatistiken

Antwort% Korrekt
Alphonso Davies
95%
Marco Reus
94%
Mario Götze
94%
Robert Lewandowski
94%
Luis Suárez
93%
Keylor Navas
83%
Roberto Firmino
80%
Paul Pogba
79%
Bernardo Silva
78%
Marco Verratti
78%
Martin Ødegaard
70%
Filip Kostić
67%
Ferran Torres
65%
Houssem Aouar
42%
Séamus Coleman
22%
Aiden McGeady
17%

Verteilung der Resultate

Perzentil nach korrekt beantworteten Fragen

Anzahl Personen mit jedem Resultat

Ihre Resultats-Entwicklung

Sie haben dieses Quiz noch nicht gespielt